000 00943cam a2200313 a 4500
001 12490819
003 OSt
005 20140310182017.0
008 010802s2002 nyua b 000 1 eng
010 _a 2001049413
020 _a0439319463 (pbk.)
040 _aDLC
_cDLC
_dDLC
042 _alcac
050 0 0 _aPZ 7
_b.M2295 2002
082 0 0 _aKF
_bMc22 2002
100 1 _aMcMullan, Kate.
_96752
245 1 0 _aFluffy learns to swim /
_cKate McMullan.
260 _aNew York :
_bScholastic Inc.,
_cc2002.
300 _a37 p. :
_bcol. ill. ;
_c23 cm.
440 0 _aHello reader!
_nLevel 3
_96753
541 _j1
562 _e1
650 1 _aGuinea pigs
_vFiction.
_96754
650 1 _aSwimming
_vFiction.
_96755
700 1 _aSmith, Mavis,
_eill.
_96756
906 _a7
_bcbc
_corignew
_d1
_eocip
_f20
_gy-gencatlg
942 _2lcc
_cBK-KF
_kKF
999 _c8278
_d8278